000 00518nam a2200205Ia 4500
003 GCL
008 140319s9999 xx 000 0 eng d
040 _aGCL /
_cGCL
082 0 4 _a759.43
_bM B
100 1 _aMARC, FRANZ
245 1 0 _aTHE BLUE RIDER: IN THE LENBACHHAUS MUNICH /
_cMARC, FRANZ
700 1 _aKANDINSKY, VASSILY
260 _a[S.N] :
_bPRESTEL- VERLAG ،
_c1989
300 _a288 PP
650 0 4 _aMUSEUMS
650 0 4 _aARTS
650 0 4 _aLENBACHHAUS
650 0 4 _aART, GERMANY
942 _2ddc
_cBK
999 _c19015
_d19015